000 00484nam a2200169 i 4500
001 16401
003 ES-MaACL
007 t|
008 000913s1988 cu ||||1| spa d
080 _a582.4/9(729.1)
100 1 _aBisse, Johannes.
_929020
245 1 0 _aArboles de Cuba /
_cJohannes Bisse.
260 _aLa Habana :
_bEditorial Científico-Técnica,
_c1988.
300 _aXVI, 384 p. :
_bil. ;
_c23 cm.
650 1 4 _aArboles-
_zCuba.
_99937
852 _aES-MaACL
_jG-2145
_bR.118102
999 _c16401
_d16401